000 01198nam a22003257a 4500
003 CHAP
005 20220329143732.0
008 110504s2010 mx r 00010 spa d
010 _a101131
011 _a102103
020 _a9786077761150
035 _a112791
040 _cCHAP
082 0 4 _a338.457252
_bF95
100 1 _aFujii Olechko, Dmitri
_943922
245 1 0 _aCapacidades tecnológicas e innovación en la industria manufacturera del Estado de México
_c/por Dmitri Fujii Olechko
260 _aZinacantepec, Méx. :
_bEl Colegio Mexiquense :
_bConsejo Mexiquense de Ciencia y Tecnología,
_c2010
300 _a152 p. :
_bcuadros, gráfs.
590 _aBATCH-UPD
_b10
_c20130110
_lUCH01
_h1658
590 _aBATCH-UPD
_b10
_c20130410
_lUCH01
_h1046
590 _aBATCH-UPD
_b10
_c20130914
_lUCH01
_h1449
590 _aCONVERSION
_b10
_c20130109
_lUCH01
_h1356
650 1 4 _aIndustria
_xMéxico (Edo.)
_957752
650 1 4 _aIndustrias manufactureras.
_958008
650 1 4 _aInnovaciones tecnológicas.
_958829
650 1 4 _aMéxico (Edo.)
_xCondiciones económicas.
_976824
901 _aBK
942 _cLIBRO
949 _a338.457252 F84
_bBC
_cLIBRO
_d33724002256603
_eLIBRO
_h114868
_i112791
_st
999 _c101131
_d101131